[Event "European Youth Chess Championship G18"]
[Site "Prague, Top Hotel Prague"]
[Date "2012.08.20"]
[Round "4.29"]
[White "Steinhauserova, Anna"]
[Black "Cormican, Ruth"]
[Result "1-0"]
[WhiteElo "1788"]
[BlackElo "1654"]
[PlyCount "41"]
[EventDate "2012.08.17"]

1. d4 Nf6 2. Nf3 e6 3. Bg5 h6 4. Bh4 d5 5. e3 Be7 6. Nbd2 O-O 7. Bd3 c5 8. c3
Nc6 9. Qb1 Rb8 10. h3 b5 11. a3 a5 12. g4 Ne8 13. Bg3 Nc7 14. g5 h5 15. Bh7+
Kh8 16. g6 f6 17. Qd1 f5 18. Ne5 Nxe5 19. Bxe5 Bg5 20. Qxh5 Bh6 21. Qxh6 1-0